BHP Petroleum Great Britain Ltd v Chesterfield Properties Ltd and another (Record no. 67507)
[ view plain ]
| 000 -LEADER | |
|---|---|
| fixed length control field | 02109cam a2200277 4500 |
| 001 - CONTROL NUMBER | |
| control field | ABS64166 |
| 008 - FIXED-LENGTH DATA ELEMENTS--GENERAL INFORMATION | |
| fixed length control field | 000000n2001 000 0 eng u |
| 035 ## - SYSTEM CONTROL NUMBER | |
| System control number | (Sirsi) u113322 |
| 245 ## - TITLE STATEMENT | |
| Title | BHP Petroleum Great Britain Ltd v Chesterfield Properties Ltd and another |
| 260 ## - PUBLICATION, DISTRIBUTION, ETC. | |
| Date of publication, distribution, etc. | 2001 |
| 490 ## - SERIES STATEMENT | |
| Series statement | Estates Gazette |
| Volume/sequential designation | [2001] EG 155-161(7) |
| 520 ## - SUMMARY, ETC. | |
| Summary, etc. | ChD 27 February 2001. The first defendant (D1) made an agreement to grant a lease to the appellant (B) following the practical completion of refurbishment works. Under the agreement D1 also undertook liabilities for defects in the works for six years but later transferred the reversion to the second defendant, an associate company, serving a notice on B seeking release from its obligations under the Landlord and Tenant (Covenants) Act 1995 s8. This it claimed, when the local authority subsequently served a dangerous structure notice on the second defendant (D2) under the London Building Acts (Amendment) Act 1939 s62, extinguished its personal obligation to remedy defects whilst B also disputed its obligations to reimburse D2 for the cost of remedial works under the lease. "Held": The personal obligations of D1 did not fall within the definition of a landlord covenant in Landlord and Tenant (Covenants) Act 1995 s28 and therefore were unaffected by the s8 notice; D1 was obliged to remedy the damages as at the date notified of the defect by the B; B was obliged to ensure compliance with the dangerous structure notice at its own cost and to indemnify the landlord in respect of these costs. |
| 590 ## - LOCAL NOTE (RLIN) | |
| Local note | ABS |
| 650 ## - SUBJECT ADDED ENTRY--TOPICAL TERM | |
| Topical term or geographic name entry element | BHP PETROLEUM GREAT BRITAIN LTD V CHESTERFIELD PROPERTIES LTD |
| 650 ## - SUBJECT ADDED ENTRY--TOPICAL TERM | |
| Topical term or geographic name entry element | COLLATERAL AGREEMENTS |
| 650 ## - SUBJECT ADDED ENTRY--TOPICAL TERM | |
| Topical term or geographic name entry element | DANGEROUS STRUCTURE NOTICES |
| 650 ## - SUBJECT ADDED ENTRY--TOPICAL TERM | |
| Topical term or geographic name entry element | LANDLORD AND TENANT (COVENANTS) ACT 1995 S8 |
| 650 ## - SUBJECT ADDED ENTRY--TOPICAL TERM | |
| Topical term or geographic name entry element | LANDLORD AND TENANT (COVENANTS) ACT 1995 S28 |
| 650 ## - SUBJECT ADDED ENTRY--TOPICAL TERM | |
| Topical term or geographic name entry element | LANDLORDS COVENANTS |
| 650 ## - SUBJECT ADDED ENTRY--TOPICAL TERM | |
| Topical term or geographic name entry element | LATENT DEFECTS |
| 650 ## - SUBJECT ADDED ENTRY--TOPICAL TERM | |
| Topical term or geographic name entry element | LATENT DEFECTS LIABILITY |
| 650 ## - SUBJECT ADDED ENTRY--TOPICAL TERM | |
| Topical term or geographic name entry element | PERSONAL COVENANTS |
| 650 ## - SUBJECT ADDED ENTRY--TOPICAL TERM | |
| Topical term or geographic name entry element | TENANTS OBLIGATIONS |
| 690 ## - LOCAL SUBJECT ADDED ENTRY--TOPICAL TERM (OCLC, RLIN) | |
| Topical term or geographic name as entry element | LANDLORD AND TENANT-BUSINESS TENANCIES-CASE LAW |
| 942 ## - ADDED ENTRY ELEMENTS (KOHA) | |
| Suppress in OPAC | 0 |
| Withdrawn status | Lost status | Source of classification or shelving scheme | Damaged status | Not for loan | Home library | Current library | Shelving location | Date acquired | Total Checkouts | Full call number | Barcode | Date last seen | Copy number | Price effective from | Koha item type |
|---|---|---|---|---|---|---|---|---|---|---|---|---|---|---|---|
| Dewey Decimal Classification | London | London | Journal article | 27/06/2001 | ABS64166 | 113322-1001 | 06/08/2019 | 1 | 06/08/2019 | Law report |